Programa que regirá en las Oposiciones a las plazas de Oficial de Secretaría de la Diputación de esta provincia en virtud de acuerdo adoptado por la misma en sesión de 28 de Febrero de 1881

Publicado: Barcelona : Tipografía de la Casa P. de Caridad , 1883
Descripción Física: 20 p. ; 27 cm

MARC

LEADER 00000nam a2200000Ia 4500
001 20532
008 160829s1883 xx 000 0 cat d
080 |a 1572, exp. 1 
110 1 |a Barcelona (Catalunya : Província).  |b Diputació  |9 52408 
245 |a Programa que regirá en las Oposiciones a las plazas de Oficial de Secretaría de la Diputación de esta provincia en virtud de acuerdo adoptado por la misma en sesión de 28 de Febrero de 1881 
260 |a Barcelona :  |b Tipografía de la Casa P. de Caridad,  |c 1883 
300 |a 20 p. ;  |c 27 cm 
610 1 0 |a Barcelona (Catalunya : Província).  |b Diputació  |x Funcionaris i empleats  |x Exàmens  |9 56153 
650 |a Barcelona. Diputació  |x Funcionaris i empleats  |x Selecció i nomenament  |9 47875 
901 |a Arxiu 
942 |n 1 
952 |0 0  |1 0  |4 0  |6 1572_EXP_1  |7 1  |9 54501  |a Arxiu  |b Arxiu  |d 2016-12-01  |l 0  |o 1572, exp. 1  |p 20532  |r 2016-12-01 00:00:00  |w 2016-12-01  |y ARXIU 
999 |c 58370  |d 58370